Slovakia topically

Bibliographic Details
Format: Journal
Language:English
PhysicalDescription:2 zv. 30 cm
Published: Bratislava Slovak Information Agency 1997-1998
ISBN:8080481881 (brož. : č. 1/1997)
8080482144 (brož. : č. 2/1997)
8080482292 (brož. : č. 1/1998)
8080482314 (brož. : č. 2/1998)
Subjects:

MARC

LEADER 00000cas a2200000 a 4500
001 vtls011706353
003 SK-MaSNL
005 20260425194407.0
008 170811d19971998xo fr p 0 0eng
020 |a 8080481881 (brož. : č. 1/1997) 
020 |a 8080482144 (brož. : č. 2/1997) 
020 |a 8080482292 (brož. : č. 1/1998) 
020 |a 8080482314 (brož. : č. 2/1998) 
040 |a SNK  |b slo  |c SNK  |e AACR2 
041 0 |a eng 
043 |a e-xo--- 
044 |a xo  |c SK 
072 7 |a 33  |x Ekonómia  |2 konspekt 
072 7 |a 314  |x Demografia. Populácia  |2 konspekt 
080 |a 33  |2 2011 
080 |a 314  |2 2011 
080 |a 050  |2 2011 
080 |a (437.6)  |2 2011 
245 0 0 |a Slovakia topically 
260 |a Bratislava  |b Slovak Information Agency  |c 1997-1998 
300 |a 2 zv.  |c 30 cm 
310 |a 2x ročne 
362 0 |a Vol. I, 1 (1997)-vol. II, 2 (1998) 
500 |a Podnázov v tiráži: Bulletin of news information about the Slovak Republic 
500 |a Má súbežné vydania v rôznych jazykoch 
650 0 7 |a ekonomika  |2 SNKPH  |9 789 
650 0 7 |a demografia  |2 SNKPH  |9 3827 
651 7 |a Slovensko  |2 SNKPH  |9 14231 
655 7 |a bulletiny  |2 SNKPH  |9 70453 
710 2 |a Slovenská informačná agentúra  |4 pbl  |9 33324 
775 0 |t Slowakei aktuell  |w vtls011706428 
775 0 |t La actual Eslovaquia  |w vtls011706538 
775 0 |t La Slovaquie actuellement  |w vtls011706521 
910 |a snk 
919 |a 80-8048-188-1 
919 |a 80-8048-214-4 
919 |a 80-8048-229-2 
919 |a 80-8048-231-4 
999 |c 12964  |d 14894 
952 |t č. 1-2  |a SNK  |b SNK  |y PREZ  |7 0  |p 17A0502513  |o snkČSB 5482/1/1997  |i snk2017/18128  |8 0  |0 0  |1 0  |4 0  |d 2017-08-10  |l 0  |r 2026-02-21 21:48:20  |w 2026-02-21 
952 |t č. 1-2  |a SNK  |b SNK  |y PREZ  |7 0  |p 17A0502515  |o snkČSB 5482/2/1998  |i snk2017/18128  |8 0  |0 0  |1 0  |4 0  |d 2017-08-10  |l 0  |r 2026-02-21 21:48:20  |w 2026-02-21 
952 |t č. 1-2  |a SNK  |b SNK  |y PREZ  |7 0  |p 17A0502514  |o snkČSB 5482/1/1997 D1  |i snk2017/18130  |8 0  |0 0  |1 0  |4 0  |d 2017-08-10  |l 0  |r 2026-02-21 21:48:20  |w 2026-02-21 
952 |t č. 1-2  |a SNK  |b SNK  |y NEVYP  |7 1  |p 17A0502516  |o snkČSB 5482/2/1998 D1  |i snk2017/18130  |8 0  |0 0  |1 0  |4 0  |d 2017-08-10  |l 0  |r 2026-02-21 21:48:20  |w 2026-02-21